00242nam a2200097 a 450000500170000000800410001724500440005826000120010299900170011404000130013120200930065731.0110719s2004 000 spa d 0aOpúsculo : Jerusalén, Ciudad Santa. c[s.f.]. c32100d32100 aDO-SdBNP